Mexican States by Borders in 1 Minute - Statistics

General Stats
  • This quiz has been taken 106 times
  • The average score is 27 of 31
Answers on the Map
Answers color-coded by a green-red scale on the quiz's map according to % correct below.
 
Answer Stats
State % Correct
Sonora
99%
Baja California
96%
Michoacán
95%
Baja California Sur
94%
Chihuahua
94%
Sinaloa
94%
Campeche
93%
Durango
93%
Quintana Roo
93%
Yucatán
93%
Coahuila
91%
Guerrero
91%
Hidalgo
91%
México
91%
Morelos
91%
Puebla
91%
Querétaro
90%
Tlaxcala
90%
Veracruz
88%
Chiapas
86%
Oaxaca
86%
San Luis Potosí
86%
Zacatecas
85%
Nayarit
83%
Tabasco
83%
Jalisco
79%
Nuevo León
79%
Tamaulipas
79%
Guanajuato
76%
Aguascalientes
74%
Colima
69%
No matching quizzes found
Score Distribution
Percent of People with Each Score
Percentile by Number Answered
Your Score History
You have not taken this quiz